Muthamizh Virumbi's The Shade of a Howering Tree: (Record no. 182922)

MARC details
000 -LEADER
fixed length control field 00598 a2200181 4500
005 - DATE AND TIME OF LATEST TRANSACTION
control field 20211210101503.0
010 ## - LCCN (DPL NO)
LC control number ENG-130265
020 ## - INTERNATIONAL STANDARD BOOK NUMBER
Terms of availability 150.00
International Standard Book Number 978-81-7966-517-6
035 ## - SYSTEM CONTROL NUMBER
System control number EN-113797
037 ## - SOURCE OF ACQUISITION
Source of stock number/acquisition DBAD / PUB
082 ## - DEWEY DECIMAL CLASSIFICATION NUMBER
Classification number 881
100 ## - MAIN ENTRY--PERSONAL NAME
Personal name Chellaiah, Rajeswari
245 ## - TITLE STATEMENT
Title Muthamizh Virumbi's The Shade of a Howering Tree:
Statement of responsibility, etc Rajeswari Chellaiah
260 ## - PUBLICATION, DISTRIBUTION, ETC. (IMPRINT)
Name of publisher, distributor, etc Emerald Publishers
Date of publication, distribution, etc 2019
Place of publication, distribution, etc Chennai
270 ## - ADDRESS
Address 15A, First Floor, Casa Major Road
Electronic mail address info@emeraldpublishers.com
City Chennai
Postal code 600008
300 ## - PHYSICAL DESCRIPTION
Extent xiii, 125p.
Dimensions 22cm (pbk)
942 ## - ADDED ENTRY ELEMENTS (KOHA)
Institution code [OBSOLETE] dpl
Item type English Books
Source of classification or shelving scheme Dewey Decimal Classification
Classification part 881
Call number suffix CHE
Holdings
Withdrawn status Lost status Not for loan Collection code Home library Current library Date acquired Source of acquisition Cost, normal purchase price Full call number Barcode Copy number Cost, replacement price Koha item type
      Non-fiction Bawana Bawana 10/12/2021 DBAD/PUB 150.00 881 CHE EN-113797 1 150.00 English Books

© Delhi Public Library
Hit Counter
free hit counter